Plants, Food and People
שמור ב:
| מחבר ראשי: | |
|---|---|
| פורמט: | ספר |
| שפה: | Undetermined |
| יצא לאור: |
NewYork
1964
|
| נושאים: | |
| תגים: |
הוספת תג
אין תגיות, היה/י הראשונ/ה לתייג את הרשומה!
|
| Thư viện lưu trữ: | Trung tâm Học liệu Trường Đại học Cần Thơ |
|---|
| LEADER | 00433nam a2200157Ia 4500 | ||
|---|---|---|---|
| 001 | CTU_23515 | ||
| 008 | 210402s9999 xx 000 0 und d | ||
| 082 | |b G226 | ||
| 100 | |a Hammond Winifred | ||
| 245 | 0 | |a Plants, Food and People | |
| 245 | 0 | |c Hammond Winifred | |
| 260 | |a NewYork | ||
| 260 | |c 1964 | ||
| 650 | |a food habits,man - food habits | ||
| 904 | |i Sáng, 980425 | ||
| 980 | |a Trung tâm Học liệu Trường Đại học Cần Thơ | ||